One Piece par la lettre B - Statistiques

Statistiques générales
  • Ce quiz a été pris 295 fois
  • Le résultat moyen est 11 sur 15
Statistiques - réponses
Indice Réponse % Correct
Le clown Baggy
96%
Musicien Brook
91%
Ancien empereur Barbe blanche
89%
Empereur Barbe noire
87%
La gloutonne Bonney
80%
Impératrice Big Mom
77%
Bras droit de Teach Burgess
77%
La hyène Bellamy
76%
Membre de l'équipage du roux Ben Beckmann
76%
Fruit de Law Fruit du Bistouri
73%
Possède l'Armo fruit Baby 5
68%
Membre de la génération terrible Bege
67%
Le cannibale Bartolomeo
65%
Ile de naissance de Vegapunk Baldimore
29%
Fruit de Senor Pink Fruit du Barbotage
27%
Aucun quiz correspondant
Distribution des résultats
% des personnes avec chaque résultat
Percentile par nombre de réponses
Votre historique - résultats
Vous n’avez pas pris ce quiz